Album de las galerias de pinturas de los museos de Florencia. (Record no. 1089)
[ view plain ]
| 000 -CABECERA | |
|---|---|
| campo de control de longitud fija | 00548cam a2200169u 4500 |
| 001 - NÚMERO DE CONTROL | |
| campo de control | 000001135 |
| 005 - FECHA Y HORA DE LA ÚLTIMA TRANSACCIÓN | |
| campo de control | 20200929145502.0 |
| 008 - DATOS DE LONGITUD FIJA--INFORMACIÓN GENERAL | |
| campo de control de longitud fija | 810114q19301938sp 000 0 spa |
| 040 ## - FUENTE DE LA CATALOGACIÓN | |
| Centro catalogador/agencia de origen | DO-SdBNP |
| Lengua de catalogación | spa |
| Centro/agencia transcriptor | BNPHU |
| 082 ## - NÚMERO DE LA CLASIFICACIÓN DECIMAL DEWEY | |
| Número de clasificación | nn. |
| Número de documento/Ítem | R491a |
| 100 1# - ENTRADA PRINCIPAL--NOMBRE DE PERSONA | |
| Nombre de persona | Ricci, Corrado, |
| Fechas asociadas al nombre | 1858-1934. |
| 9 (RLIN) | 3882 |
| 245 10 - MENCIÓN DE TÍTULO | |
| Título | Album de las galerias de pinturas de los museos de Florencia. |
| 260 ## - PUBLICACIÓN, DISTRIBUCIÓN, ETC. | |
| Lugar de publicación, distribución, etc. | Barcelona : |
| Nombre del editor, distribuidor, etc. | Labor, |
| Fecha de publicación, distribución, etc. | [193-?]. |
| 300 ## - DESCRIPCIÓN FÍSICA | |
| Extensión | 33 cm. : |
| Otras características físicas | il. ;. |
| 650 #0 - PUNTO DE ACCESO ADICIONAL DE MATERIA--TÉRMINO DE MATERIA | |
| Término de materia o nombre geográfico como elemento de entrada | Painting |
| Subdivisión geográfica | Italy |
| -- | Florence. |
| 9 (RLIN) | 3883 |
| 700 1# - PUNTO DE ACCESO ADICIONAL--NOMBRE DE PERSONA | |
| Nombre de persona | Miral y López, Domingo, [from old catalog] |
| Término indicativo de función/relación | tr. |
| 9 (RLIN) | 3884 |
| Estado de retiro | Estado de pérdida | Restricciones de uso | No para préstamo | Código de colección | Localización permanente | Ubicación/localización actual | Ubicación en estantería | Fecha de adquisición | Número de inventario | Total de préstamos | Signatura topográfica completa | Código de barras | Fecha visto por última vez | Precio válido a partir de | Tipo de ítem Koha |
|---|---|---|---|---|---|---|---|---|---|---|---|---|---|---|---|
| Préstamo interno | Préstamo en sala | Dominicana de Servicio | Biblioteca Nacional Pedro Henríquez Ureña | Biblioteca Nacional Pedro Henríquez Ureña | Depósito | 22.09.2009 | LF1 | nn. R491a | 1135-10 | 25.06.2020 | 25.06.2020 | Libros y folletos |
